00361nam a2200133Ia 4500008004100000020001600041041000800057082001600065100002100081245006200102260003600164300001400200365001300214210423s2007 xx 000 0 und d a97830189604 aeng a658.45 FERJ aFERNEZ (Joseph). aCorporate communications: a tweenty first century primer. aNew DelhibResponse Booksc2007 av,282bPB b395cINR